000
00213 a2200097 4500
001
23857
100
_a
Jukes, T H
245
_a
Molecules and Evolution
260
_a
_b
Columbia Uni P
_c
1968
090
_c
16164
_d
16164
942
_a
NUST-CAE
_c
M
_c
6852
999
_c
258930
_d
258930